Loading...
| Literature - European | 0 | 5 | 1 | 0 | 45 | 125 | 140.40 | 0 | 0 | 0.00 | 0.00 |
| Literature - World | 0 | 5 | 2 | 0 | 40 | 126 | 138.20 | 0 | 0 | 0.00 | 0.00 |
| Literature - British | 1 | 3 | 1 | 1 | 40 | 81 | 110.25 | 1 | 1 | 0.00 | 0.00 |
| Science - Chemistry | 0 | 5 | 2 | 1 | 40 | 75 | 121.80 | 0 | 1 | 0.00 | 0.00 |
| Fine Arts - Classical Music and Opera | 0 | 2 | 0 | 0 | 20 | 138 | 142.50 | 0 | 0 | 0.00 | 0.00 |
| History - American | 0 | 2 | 0 | 1 | 20 | 141 | 142.50 | 0 | 0 | 0.00 | 0.00 |
| History - European | 0 | 2 | 0 | 0 | 20 | 111 | 122.00 | 0 | 0 | 0.00 | 0.00 |
| Philosophy | 0 | 2 | 0 | 1 | 20 | 100 | 120.50 | 0 | 1 | 0.00 | 0.00 |
| Science - Biology | 0 | 2 | 0 | 0 | 20 | 84 | 110.00 | 1 | 1 | 0.00 | 0.00 |
| Social Science | 1 | 1 | 1 | 1 | 20 | 55 | 99.00 | 0 | 1 | 0.00 | 0.00 |
| Fine Arts - Other Arts | 0 | 2 | 1 | 0 | 15 | 134 | 137.50 | 0 | 0 | 0.00 | 0.00 |
| Other Culture | 0 | 1 | 0 | 0 | 10 | 136 | 136.00 | 0 | 0 | 0.00 | 0.00 |
| Other Academic | 0 | 1 | 0 | 0 | 10 | 115 | 115.00 | 0 | 1 | 0.00 | 0.00 |
| Science - Physics | 0 | 1 | 0 | 0 | 10 | 138 | 138.00 | 0 | 0 | 0.00 | 0.00 |
| Mythology | 0 | 1 | 0 | 0 | 10 | 136 | 136.00 | 0 | 0 | 0.00 | 0.00 |
| Literature - American | 0 | 1 | 1 | 0 | 5 | 120 | 120.00 | 0 | 0 | 0.00 | 0.00 |
| Other Science (Astronomy) | 0 | 0 | 0 | 0 | 0 | 0.00 | 0 | 0 | 0.00 | 0.00 | |
| Modern World | 0 | 0 | 1 | 0 | -5 | 0.00 | 0 | 0 | 0.00 | 0.00 | |
| Religion | 0 | 0 | 1 | 0 | -5 | 0.00 | 0 | 0 | 0.00 | 0.00 |